Nationalité Des Cyclistes du TOUR DE FRANCE 2024 - Statistiques

Statistiques générales
  • Ce quiz a été pris 145 fois
  • Le résultat moyen est 14 sur 15
Statistiques - réponses
Hint Réponse % Correct
Julian Alaphilippe France
100%
Wout Van Aert Belgique
98%
Enric Mas Espagne
98%
Mathieu Van Der Poel Pays Bas
98%
Simon Yates Royaume Uni
98%
Sepp KUSS Etats-Unis
96%
Egan Bernal Colombie
95%
Michal Kwiatkowski Pologne
95%
Matej Mohoric Slovénie
94%
Michael Matthews Australie
92%
Mads Pedersen Danemark
92%
Richard Carapaz Equateur
92%
Ben Healy Irlande
90%
Nico Denz Allemagne
82%
Bob Jungels Luxembourg
82%
Aucun quiz correspondant
Distribution des résultats
% des personnes avec chaque résultat
Percentile par nombre de réponses
Votre historique - résultats
Vous n’avez pas pris ce quiz